Ekologické aspekty udržateľného cestovného ruchu v SR diplomová práca

Saved in:
Bibliographic Details
Main Author: Kubániová, Silvia
Corporate Author: Obchodná fakulta EU. Katedra služieb a cestovného ruchu - zrušené
Other Authors: Plesník, Pavol, 1956-
Format: Book
Language:Slovak
Published: Bratislava 2012
Tags: Add Tag
No Tags, Be the first to tag this record!

MARC

LEADER 00000nbm a2200000 4500
001 0159114
005 20161109102229.4
041 0 |a slo 
044 |a SK 
245 1 0 |a Ekologické aspekty udržateľného cestovného ruchu v SR  |b diplomová práca  |c Silvia Kubániová ; školiteľ: Pavol Plesník 
264 1 |a Bratislava  |c 2012 
300 |a 89 s. 
100 1 |a Kubániová, Silvia 
700 1 |a Plesník, Pavol, 1956- 
710 2 |a Obchodná fakulta EU. Katedra služieb a cestovného ruchu - zrušené